Statistics for Detroit Pistons NBA All-Stars

Click here to take the quiz!

General Stats

  • This quiz has been taken 750 times
    (704 since last reset)
  • The average score is 13 of 34

Answer Stats

PlayersSelectionsLast% Correct
Isiah Thomas121993
100%
Ben Wallace32006
94%
Rasheed Wallace22008
94%
Joe Dumars61997
91%
Chauncey Billups32008
89%
Bill Laimbeer41987
82%
Andre Drummond22018
80%
Blake Griffin12019
80%
Richard Hamilton32008
78%
Dennis Rodman21992
74%
Grant Hill52000
66%
Bob Lanier71979
62%
Dave Bing61975
49%
Jerry Stackhouse22001
43%
Allen Iverson12009
40%
Dave DeBusschere31968
30%
Kelly Tripucka21984
22%
George Yardley51959
20%
Bailey Howell41964
13%
Larry Foust61956
13%
Jimmy Walker21972
10%
Gene Shue51962
9%
Andy Phillip31955
6%
Don Ohl21964
6%
Dick McGuire21959
5%
Terry Dischinger11965
5%
Walter Dukes21961
5%
Fred Schaus11951
4%
Mel Hutchins21957
3%
Chuck Noble11960
2%
Curtis Rowe11976
2%
Eddie Miles11966
2%
Jack Molinas11954
2%
Ken Murray11951
1%

Score Distribution

Percentile by Number Answered

Percent of People with Each Score

Your Score History

You have not taken this quiz since the last reset